| 000 | 00980nam a22002417a 4500 | ||
|---|---|---|---|
| 999 |
_c2640 _d2640 |
||
| 003 | AR-CdUCM | ||
| 008 | 190305b ||||| |||| 00| 0 spa d | ||
| 040 |
_aMUNICIPALIDAD PROVINCIAL DEL CUSCO _cBIBLIOTECA MUNICIPAL DEL CUSCO |
||
| 082 |
_a343.314 / _bSA22 |
||
| 100 |
_aSanchez Viamonte, Carlos _99283 |
||
| 245 |
_aManual de Derecho Politico : _bLos Problemas de la Democracia / |
||
| 260 |
_aBuenos Aires : _bBibliografica Argentina, _c1959. |
||
| 300 |
_a498 paginas, XIV ; _c24cm. |
||
| 440 |
_aColección Ciencias políticas _99284 |
||
| 500 | _aCiencias políticas Incluye referencias bibliográficas | ||
| 505 | _aContenido- Individuo y Sociedad -- Politica y Derecho -- Estado y Derecho -- Origen y Naturaleza del Estado -- Nociones Juridiconstitucionales... | ||
| 650 |
_aDerecho Constitucional _94734 |
||
| 650 |
_aArgentina _9511 |
||
| 650 |
_aLiteratura Politica _99285 |
||
| 700 |
_aLerner, Bernardo ( director ) _99286 |
||
| 942 |
_2ddc _cLIBROS |
||
| 945 | _apjha | ||